[Event "IECG L1.2001.0.00019 email"]
[Site "IECG email"]
[Date "2001.01.10"]
[Round "?"]
[White "Ros, Antonio"]
[Black "Draba, Henryk"]
[Result "1-0"]
[WhiteElo "2119"]
[BlackElo "2185"]
[PlyCount "75"]
[EventDate "2001.01.10"]
[EventType "tourn (corr)"]
[EventRounds "12"]
[SourceTitle "Corr 2008"]
[Source "ChessBase"]
[SourceDate "2008.06.24"]
[SourceVersion "1"]
[SourceVersionDate "2008.06.24"]
[SourceQuality "1"]

1. c4 Nf6 2. Nc3 e5 3. Nf3 Nc6 4. g3 d5 5. cxd5 Nxd5 6. Bg2 Nb6 7. 0-0 Be7 8. d3 0-0 9. a3 Be6 10. b4 a5 11. b5 Nd4 12. Bb2 f6 13. Nxd4 exd4 14. Na4 Bd5 15. Nxb6 cxb6 16. Bxd5+ Qxd5 17. Qa4 Bc5 18. Rac1 Rfe8 19. Rfe1 Kh8 20. Rc2 Rad8 21. Qc4 Qh5 22. Kg2 f5 23. Bc1 Rd7 24. Qb3 Bd6 25. e4 f4 26. f3 Be5 27. Rg1 fxg3 28. hxg3 Rf8 29. f4 Bd6 30. Rh1 Qg6 31. Rh3 Bc5 32. Kg1 Qe8 33. Rch2 h6 34. f5 Rd6 35. g4 Rdf6 36. Rg2 Kh7 37. Kh1 a4 38. Qxa4 1-0

[Event "IECG L1.2001.0.00019 email"]
[Site "IECG email"]
[Date "2001.01.10"]
[Round "?"]
[White "Ros, Antonio"]
[Black "Lukin, Andrey"]
[Result "1/2-1/2"]
[WhiteElo "2119"]
[BlackElo "1873"]
[PlyCount "99"]
[EventDate "2001.01.10"]
[EventType "tourn (corr)"]
[EventRounds "12"]
[SourceTitle "Corr 2008"]
[Source "ChessBase"]
[SourceDate "2008.06.24"]
[SourceVersion "1"]
[SourceVersionDate "2008.06.24"]
[SourceQuality "1"]

1. c4 Nf6 2. Nc3 g6 3. g3 c5 4. Bg2 Nc6 5. Nf3 Bg7 6. 0-0 0-0 7. d4 cxd4 8. Nxd4 Nxd4 9. Qxd4 d6 10. Qd3 Bf5 11. e4 Bd7 12. Bd2 Ng4 13. b3 Rc8 14. Rad1 a6 15. h3 Ne5 16. Qe3 b5 17. cxb5 axb5 18. a3 Be6 19. Nd5 Ra8 20. Bc1 Nc6 21. f4 Ra6 22. Rf2 Qc8 23. Rc2 Qd7 24. Kh2 Rc8 25. Bf1 Qb7 26. a4 Bxd5 27. Rxd5 Raa8 28. Rxb5 Qd7 29. Bd2 e6 30. Bg2 Nd4 31. Rxc8+ Rxc8 32. Rb6 Qc7 33. a5 Nc2 34. Qd3 Bd4 35. Ra6 Qb8 36. f5 Nb4 37. Qxd4 Nxa6 38. Qf6 Nc7 39. Bc3 e5 40. Qxd6 Ne8 41. Qxb8 Rxb8 42. b4 f6 43. Be1 Rc8 44. fxg6 hxg6 45. Kg1 Nd6 46. Bf3 Kf7 47. h4 Ke6 48. g4 Nb5 49. Kg2 Rc2+ 50. Kg3 1/2-1/2

[Event "IECG L1.2001.0.00019 email"]
[Site "IECG email"]
[Date "2001.01.10"]
[Round "?"]
[White "Ros, Antonio"]
[Black "Oestergaard, Allan"]
[Result "1/2-1/2"]
[WhiteElo "2119"]
[BlackElo "2071"]
[PlyCount "144"]
[EventDate "2001.01.10"]
[EventType "tourn (corr)"]
[EventRounds "12"]
[SourceTitle "Corr 2008"]
[Source "ChessBase"]
[SourceDate "2008.06.24"]
[SourceVersion "1"]
[SourceVersionDate "2008.06.24"]
[SourceQuality "1"]

1. c4 e5 2. Nc3 Nf6 3. g3 Bb4 4. Nf3 Nc6 5. Bg2 0-0 6. 0-0 e4 7. Ne1 Bxc3 8. dxc3 h6 9. Nc2 Re8 10. Ne3 b6 11. Qc2 Bb7 12. f4 exf3 13. exf3 Ne7 14. b3 d6 15. Bb2 Qd7 16. Rad1 Rad8 17. Qf2 Nf5 18. Nc2 Qc8 19. Bh3 Bc6 20. Rfe1 a5 21. a4 Bd7 22. Bg2 Re6 23. Rxe6 fxe6 24. f4 Re8 25. Re1 e5 26. fxe5 Ng4 27. Qd2 Nxe5 28. Be4 Ne7 29. Ne3 Bh3 30. Re2 Rf8 31. Rf2 Rxf2 32. Qxf2 Qd7 33. Qe2 Qe8 34. Bc1 Be6 35. Qd1 Qf7 36. Ba3 Kf8 37. Kg2 g6 38. Bc1 Kg7 39. Kg1 g5 40. Bg2 Nf5 41. Nd5 c6 42. Ne3 Qf6 43. Nf1 c5 44. Bb7 Ng6 45. Qc2 Qe5 46. Be4 Nge7 47. Nd2 d5 48. cxd5 Bxd5 49. Bxd5 Nxd5 50. Nc4 Qe1+ 51. Kg2 Kf6 52. Qd3 Qxc1 53. Qxd5 Qc2+ 54. Kh3 Qe2 55. Qc6+ Kg7 56. Qc7+ Ne7 57. g4 Qf3+ 58. Qg3 Qf1+ 59. Qg2 Qf6 60. Qe4 Qxc3+ 61. Kg2 Kf7 62. Nd6+ Kf8 63. Qe6 Qc2+ 64. Kg3 Qd3+ 65. Kf2 Qg6 66. Qxg6 Nxg6 67. Nc4 Ke7 68. Ke3 Kd8 69. Nxb6 Ne5 70. h3 Ke7 71. Nc4 Nxc4+ 72. bxc4 Kd6 1/2-1/2

[Event "IECG L1.2000.0.00018 email"]
[Site "IECG email"]
[Date "2000.11.21"]
[Round "?"]
[White "Marcotulli, Giancarlo"]
[Black "Ros, Antonio"]
[Result "1/2-1/2"]
[WhiteElo "1873"]
[BlackElo "2119"]
[PlyCount "64"]
[EventDate "2000.11.21"]
[EventType "tourn (corr)"]
[EventRounds "14"]
[SourceTitle "Corr 2008"]
[Source "ChessBase"]
[SourceDate "2008.06.24"]
[SourceVersion "1"]
[SourceVersionDate "2008.06.24"]
[SourceQuality "1"]

1. e4 e5 2. Nf3 Nc6 3. Bb5 a6 4. Ba4 Nf6 5. 0-0 Be7 6. Re1 b5 7. Bb3 d6 8. c3 0-0 9. h3 Bb7 10. d4 Re8 11. Ng5 Rf8 12. Nf3 Nd7 13. Nbd2 Na5 14. Bc2 c5 15. b4 cxb4 16. cxb4 Nc6 17. a3 exd4 18. Nb3 Bf6 19. Nfxd4 Nxd4 20. Nxd4 Re8 21. Bb2 Rc8 22. a4 Qb6 23. a5 Qc7 24. Re2 Ne5 25. Rc1 Qc4 26. Rb1 Rcd8 27. Nf5 Qe6 28. Ba1 d5 29. Nd4 Qd6 30. Nf5 Qe6 31. Nd4 Qd6 32. Nf5 Qe6 1/2-1/2

[Event "IECG L1.2000.0.00018 email"]
[Site "IECG email"]
[Date "2000.11.21"]
[Round "?"]
[White "Ros, Antonio"]
[Black "Gallet, Gilles"]
[Result "1-0"]
[WhiteElo "2119"]
[BlackElo "1979"]
[PlyCount "49"]
[EventDate "2000.11.21"]
[EventType "tourn (corr)"]
[EventRounds "14"]
[SourceTitle "Corr 2008"]
[Source "ChessBase"]
[SourceDate "2008.06.24"]
[SourceVersion "1"]
[SourceVersionDate "2008.06.24"]
[SourceQuality "1"]

1. c4 c5 2. Nc3 Nf6 3. g3 d5 4. cxd5 Nxd5 5. Bg2 Nc7 6. Nf3 Nc6 7. 0-0 g6 8. Na4 b6 9. d4 cxd4 10. Bf4 Bg7 11. Nxd4 Nxd4 12. Bxc7 Qxc7 13. Bxa8 Ba6 14. Nc3 0-0 15. Bg2 Rd8 16. Kh1 Nxe2 17. Qa4 Bc4 18. Nxe2 Bxe2 19. Rac1 Qb8 20. Rfe1 Rd2 21. Qb4 Rxb2 22. Qxe7 Bf8 23. Qf6 Rd2 24. Bd5 Qb7 25. Bxb7 1-0